Current contents: your weekly guide to the chemical, pharmaco-medical and life sciences / Social and behavioral sciences
| Corporate Author: | |
|---|---|
| Format: | Print Journal |
| Language: | English |
| Published: |
Philadelphia, Pa.
Thomson Reuters
1974-
Philadelphia, Pa. Inst. anfangs Philadelphia, Pa. Thomson Scientific früher |
| In: | Year: 1974 |
| Check availability: | HBZ Gateway |
| Subito Delivery Service: | Order now. |
| Volumes / Articles: | Show volumes/articles. |
| Keywords: | |
| Parallel Edition: | Electronic
Electronic |
MARC
| LEADER | 00000cas a2200000 c 4500 | ||
|---|---|---|---|
| 001 | 129083208 | ||
| 003 | DE-627 | ||
| 005 | 20230428060346.0 | ||
| 007 | tu | ||
| 008 | 931114c19749999xxuz| p| 0 |0eng c | ||
| 016 | 7 | |a 010058125 |2 DE-101 | |
| 016 | 7 | |a 3889-1 |2 DE-600 | |
| 022 | |a 0092-6361 | ||
| 035 | |a (DE-627)129083208 | ||
| 035 | |a (DE-576)01441645X | ||
| 035 | |a (DE-599)ZDB3889-1 | ||
| 035 | |a (OCoLC)243416750 | ||
| 035 | |a (DE-615)00260968 | ||
| 040 | |a DE-627 |b ger |c DE-627 |e rakwb | ||
| 041 | |a eng | ||
| 044 | |c XD-US | ||
| 082 | 0 | 4 | |a 050 |q DE-101 |
| 082 | 0 | 4 | |a 390 |a 300 |a 150 |q DE-600 |
| 084 | |a 5,2 |a 5,3 |2 ssgn | ||
| 084 | |a CN 2500 |2 rvk |0 (DE-625)rvk/18965: | ||
| 084 | |a 70.00 |2 bkl | ||
| 245 | 0 | 0 | |a Current contents |b your weekly guide to the chemical, pharmaco-medical and life sciences |p Social and behavioral sciences |c Institute for Scientific Information |
| 246 | 1 | |i Ansetzungssachtitel |a Current contents <Philadelphia, Pa.> / Social and behavioral sciences | |
| 264 | 3 | 1 | |a Philadelphia, Pa. |b Thomson Reuters |c 1974- |
| 264 | 2 | 1 | |a Philadelphia, Pa. |b Inst. |c anfangs |
| 264 | 2 | 1 | |a Philadelphia, Pa. |b Thomson Scientific |c früher |
| 336 | |a Text |b txt |2 rdacontent | ||
| 337 | |a ohne Hilfsmittel zu benutzen |b n |2 rdamedia | ||
| 338 | |a Band |b nc |2 rdacarrier | ||
| 362 | 0 | |a 6.1974 - | |
| 363 | 0 | 1 | |i 1974 |
| 650 | 0 | 7 | |0 (DE-588)4055916-6 |0 (DE-627)106156411 |0 (DE-576)209115904 |a Sozialwissenschaften |2 gnd |
| 650 | 4 | |a Sozialwissenschaften | |
| 655 | 7 | |a Zeitschrift |0 (DE-588)4067488-5 |0 (DE-627)10454466X |0 (DE-576)20917000X |2 gnd-content | |
| 689 | 0 | 0 | |d s |0 (DE-588)4055916-6 |0 (DE-627)106156411 |0 (DE-576)209115904 |a Sozialwissenschaften |2 gnd |
| 689 | 0 | 1 | |d s |0 (DE-588)4006432-3 |0 (DE-627)104814519 |0 (DE-576)208865578 |a Bibliografie |2 gnd |
| 689 | 0 | |5 DE-101 | |
| 710 | 2 | |a Institute for Scientific Information |g Philadelphia, Pa. |e Herausgebendes Organ |0 (DE-588)1004211-8 |0 (DE-627)103030700 |0 (DE-576)191155187 |4 isb | |
| 776 | 1 | |x 1084-6735 | |
| 776 | 1 | |x 1079-1248 | |
| 776 | 0 | 8 | |i Erscheint auch als |n Diskettenausg. |t Current contents on diskette |d Philadelphia, Pa. : ISI, 1991 |h Disketten |w (DE-627)188851992 |w (DE-600)1283751-9 |w (DE-576)103115293 |k Electronic |
| 776 | 0 | 8 | |i Erscheint auch als |n Diskettenausg. für Windows |t Current contents for Windows / Social & behavioral sciences |d Philadelphia, Pa. : ISI, 1998 |h Disketten |w (DE-627)267324685 |w (DE-600)1469407-4 |w (DE-576)103115404 |x 1079-1248 |k Electronic |
| 889 | |w (DE-576)447109308 | ||
| 936 | r | v | |a CN 2500 |b Kataloge, Bibliografisches |k Psychologie |k Nachschlagewerke |k Kataloge, Bibliografisches |0 (DE-627)1271549654 |0 (DE-625)rvk/18965: |0 (DE-576)201549654 |
| 936 | b | k | |a 70.00 |
| 938 | 1 | 0 | |0 (DE-627)1756152837 |0 (DE-615)6608282 |a Sozialwissenschaften |2 fivt |
| 951 | |a JT | ||
| ELC | |b 1 | ||
| LOK | |0 000 xxxxxcy a22 3n 4500 | ||
| LOK | |0 001 2109162198 | ||
| LOK | |0 003 DE-627 | ||
| LOK | |0 004 129083208 | ||
| LOK | |0 005 20031031000000 | ||
| LOK | |0 008 030206||||||||||||||||ger||||||| | ||
| LOK | |0 035 |a (DE-600)080464475 | ||
| LOK | |0 040 |a DE-21-110 |c DE-627 |d DE-21-110 | ||
| LOK | |0 852 |8 1 | ||
| LOK | |0 852 |a DE-21-110 | ||
| LOK | |0 852 1 |9 00 | ||
| LOK | |0 85900 |8 1.1 |i 1991 | ||
| LOK | |0 85910 |8 1.2 |i 1992 | ||
| LOK | |0 86630 |a 1991 - 1992 | ||
| LOK | |0 939 |a 06-02-03 |b z01 | ||
| ORI | |a SA-MARC-krimdoka001.raw | ||
| SPR | |a 1 |t KRI | ||
